Les systèmes linéaires /

Guardado en:
Autor Principal: Garsoux, Julien.
Formato: Libro
Idioma:French
Publicado: Paris : Dunod, 1961.
Series:Collection de mathématiques appliquées
Etiquetas: Agregar Etiqueta
Sin Etiquetas, Sea el primero en etiquetar este registro!
LEADER 00756nam a22002055a 4500
001 MAT.inmabb001315
008 031211s1961####fr#a#####b####000#0#fre#d
005 20170815123227.0
245 1 4 |a Les systèmes linéaires /  |c par J. Garsoux. 
260 |a Paris :  |b Dunod,  |c 1961. 
300 |a 2 v. :  |b il. ;  |c 25 cm. 
440 0 |a Collection de mathématiques appliquées 
505 0 |a t. 1. Analyse fréquentielle -- t. 2. Régimes transitoires. Transformations de Laplace et de Fourier 
504 |a Incluye referencias bibliográficas. 
510 4 |a MR,  |c 26 #4518a 
100 1 |a Garsoux, Julien. 
084 |a 00A69  |2 msc2000 
084 |a 44A10  |2 msc2000 
859 |h 00A69  |i G243  |p A-1565  |v 1  |3 Tome 1  |b BIB. MATEMATICA 
859 |h 00A69  |i G243  |p A-1566  |v 2  |3 Tome 2  |b BIB. MATEMATICA